Rosco de Pasapalabra #64 - Estadísticas

Estadísticas generales
  • Esta prueba ha sido intentada 282 veces
  • La puntuación promedio es 13 de 25
Estadísticas de respuestas
Inicial Definición Respuesta % Correcto
A Líquido incoloro e inflamable, de olor y sabor fuertes, presente en bebidas como el vino o la cerveza Alcohol
93%
C Planta de la familia de las cactáceas, de tallo grueso con espinas, propia de climas desérticos Cactus
92%
F Cubierta, generalmente de papel o plástico, que se pone a un libro o cuaderno para que no se estropeen las tapas Forro
84%
N Pronombre indefinido que equivale a ninguna persona Nadie
83%
G Actividad destinada a desarrollar, fortalecer y mantener en buen estado físico el cuerpo por medio de ejercicios Gimnasia
75%
D Polígono de diez lados Decágono
73%
M Religiosa de una orden o congregación Monja
71%
Contiene la Y Persona unida a otra en matrimonio Cónyuge
68%
S Ir después o detrás de alguien o algo Seguir
68%
J Voz inglesa que designa la actividad deportiva que consiste en correr con velocidad moderada al aire libre Jogging
62%
H Acostumbrar o hacer que alguien se acostumbre a algo Habituar
61%
Contiene la Q Comida a la que concurren muchas personas para celebrar algún acontecimiento Banquete
58%
Contiene la Ñ Se dice del color del espectro situado entre el azul y el violeta Añil
56%
T Argumento de una obra literaria Trama
52%
Contiene la X Cercano, que dista poco en el espacio o en el tiempo Próximo
51%
B Cilindro de hilo arrollado en torno a un canuto de cartón u otra materia Bobina
48%
U Especialista en el estudio de los fenómenos asociados a los ovnis Ufólogo
48%
Z Zona celeste que comprende las doce constelaciones que recorre el Sol en su curso anual aparente Zodiaco
32%
I En una vía pública, área de la calzada, pavimentada y ligeramente elevada, que sirve de refugio a peatones Isleta
31%
R Terapia de origen japonés en que se transmite energía en ciertos puntos del cuerpo, a través de las manos del sanador Reiki
31%
O Agrupación de cantantes en coro, sin instrumentos que los acompañen Orfeón
24%
E Muda de los artrópodos Ecdisis
3%
P Apellido del escultor que realizó las figuras de la fuente de la plaza de las Platerías, en Santiago de Compostela Pernas
2%
V Río de Macedonia del Norte y Grecia que pasa por la ciudad de Skopie y desemboca en el mar Egeo Vardar
2%
L Parte del remo que se apoya en la embarcación Luchadero
1%
No se encontraron pruebas coincidentes
Distribución de puntuación
Porcentaje de gente con cada puntuación
Porcentaje por número respondido
Historial de tus puntuaciones
No has intentado esta prueba.